00843nam a22002537a 4500001001000000003000500010005001700015008004100032010001000073011001000083035001100093040000900104100002700113245010500140260003100245300001000276502011700286650002000403650002800423650002600451650003000477856006600507856001600573000095375CHAP20230530101206.0060310d2005 mx r 00110 spa d a91841 a92813 a103379 cCHAP00aAyala Sosa, J. Carmen.10aIndicadores de sustentabilidad en ecosistemas de clima templado-frío /c/por J. Carmen Ayala Sosa. aChapingo, Méx. :,c2005. a81 h. aTesis (Doctor en Ciencias en Economía Agrícola) - - UACH. División de Ciencias Económico Administrativas14aClima templado.14aDesarrollo sustentable.17aOyamelxCrecimiento214aSilvicultura sustentable. 3Finding aiduhttp://10.13.5.2/tesis/103379.pdfzTeclea aquí a1 n0000672